Statistics for Name the Rocky Movies

Click here to take the quiz!

General Stats

  • This quiz has been taken 41 times
    (31 since last reset)
  • The average score is 8 of 9

Answer Stats

YearMovie% Correct
2015Creed
100%
1976Rocky
100%
2006Rocky Balboa
100%
1979Rocky II
100%
1982Rocky III
100%
1985Rocky IV
100%
2018Creed II
97%
1990Rocky V
97%
2022Creed III
28%

Score Distribution

Percentile by Number Answered

Percent of People with Each Score

Your Score History

You have not taken this quiz since the last reset